Sermones del P. Carlos Frey de Neuville Predicador de Luis XV. Rey de Francia

Detalles Bibliográficos
Autor principal: Frey de Neuville, Charles 1693-1774
Otros Autores: Pellicer, Juan Antonio (tr.)
Formato: Libro
Lenguaje:Spanish
Publicado: en Madrid 1786-1789
Edición:Segunda edicion
Materias:
Colección:Banco de datos
Acervo:Biblioteca Pública Central del Estado de Durango. Lic. José Ignacio Gallegos Caballero. Colección José Fernando Ramírez
Descripción Física:8 t. 4°
Tema general:Homilética
Notas:Tomo con portada y numeración propias. Año del t. 2 publicado en 1789. Encuadernación en piel sobre cartón. Sello en tinta de la Biblioteca Pública del Estado de Durango. Daños de humedad
LEADER 01006nam a22002050004500
035 |a 522 
041 0 |a spa 
100 1 |a Frey de Neuville, Charles  |d 1693-1774 
245 1 0 |a Sermones del P. Carlos Frey de Neuville Predicador de Luis XV. Rey de Francia  |c traducidos del frances por D. Juan Antonio Pellicer de la Real Biblioteca 
250 |a Segunda edicion 
260 |a en Madrid  |b por Don Blas Roman, impresor de la Real Academia de Derecho Español y Publico  |c 1786-1789 
300 |a 8 t.  |c 4° 
500 |a Tomo con portada y numeración propias. Año del t. 2 publicado en 1789. Encuadernación en piel sobre cartón. Sello en tinta de la Biblioteca Pública del Estado de Durango. Daños de humedad 
505 0 0 |a t. 2 Quaresma 
650 1 0 |a Homilética 
700 1 |a Pellicer, Juan Antonio  |e tr. 
949 |a CR. t. 2 (1201) 
942 |c DURANRAM 
943 |g Biblioteca Pública Central del Estado de Durango. Lic. José Ignacio Gallegos Caballero. Colección José Fernando Ramírez 
999 |c 1077452  |d 1077452